Ruta de Bolívar estudio sustentado ante la Academia Colombiana de Historia (Registro nro. 50048)

Detalles MARC
000 -ENCABEZADO
Número de control [NR] 00794nam a2200193Ia 4500
005 - FECHA Y HORA DE LA ÚLTIMA TRANSACCIÓN
control field 20240527092020.0
008 - DE LONGITUD FIJA DE DATOS DE ELEMENTOS - INFORMACIÓN GENERAL
Elementos de longitud fija [NR] 130821s1949 ck gr spa
040 ## - FUENTE DE CATALOGACION [NR]
Agencia de catalogación original [NR] Co-BoUCM
Idioma de catalogación [NR] spa
Quien Cataloga David Moreno (modificó)
Quien Clasifica David Moreno (modificó)
041 00 - CODIGO DE IDIOMA [R]
Código de idioma para texto/pista de sonido o título separado [R] Español
100 1# - ASIENTO PRINCIPAL--NOMBRE PERSONAL [NR]
Nombre personal [NR] Bernal Medina, Rafael
Fechas asociadas con el nombre [NR] 1914-1979.
ID Autoridad 162832
245 10 - MENCION DE TITULO [NR]
Título [NR] Ruta de Bolívar estudio sustentado ante la Academia Colombiana de Historia
Mención de responsabilidad, etc. [NR] Rafael Bernal Medina
260 ## - PUBLICACION, DISTRIBUCION, ETC. (PIE DE IMPRENTA) [R]
Lugar de publicación, distribución, etc. [R] Bogotá (Colombia)
Nombre del editor, distribuidor, etc. [R] Editorial Lumen
Fecha de publicación, distribución, etc. [R] 1949
300 ## - DESCRIPCION FISICA [R]
Extensión [R] 206 Páginas
600 ## - ASIENTO SECUNDARIO DE MATERIA - NOMBRE PERSONAL [R]
Nombre personal [NR] Bolívar, Simón
Fechas asociadas con el nombre [NR] 1783-1830
Subdivisión de forma [R] Escritos militares
9 (RLIN) 162833
650 04 - ASIENTO SECUNDARIO DE MATERIA - TERMINO TEMATICO [R]
Término temático o nombre geográfico como elemento de entrada [NR] Historia de América
9 (RLIN) 16931
651 #7 - ASIENTO SECUNDARIO DE MATERIA - NOMBRE GEOGRAFICO [R]
Nombre geográfico [NR] América Latina
Subdivisión general [R] Historia
Subdivisión cronológica [R] Guerras de independencia
9 (RLIN) 26570
942 ## - ELEMENTOS DE ENTRADA AGREGADOS (KOHA)
Tipo de ítem principal el descrito en 300a Libro
Tema principal Historia
Edición 1
Parte restante de la signatura top. B517r
Título oculto en OPAC No
Sistema de clasificación DEWEY
Clasificación 923.587
Existencias
Fecha de último préstamo Total préstamos Signatura topográfica Código de barras Última vez visto Ejemplar Costo de reposición Price effective from Tipo de ítem Nota pública (OPAC) Perdido Sistema de clasificación Dañado No prestable Tipo de ítem específico Suprimido Ubicación habitual Ubicación actual Localización Fecha de creación Forma de adquisición
04/04/2025 1 923.587 B517r 120003038 04/12/2025 Ej.1 26000.00 03/02/2013 Libro Galería de donantes - José Vicente Castro Silva   DEWEY     Fondos especiales   Claustro Claustro 3er piso 30/09/2005 Donación